000 00891nam a22002657a 4500
005 2009080405165.0
008 090728t xxu||||| |||| 00| 0 pun d
010 _aPUN-7487
020 _c275.00
_a9788182992535
035 _aPN-6605
037 _bDBAD / PUB/Arsee Publishers
040 _adpl
_bPN
082 _a857
100 _937323
_aਗਰਗ, ਕੇ.ਐਲ
245 _aਸੱਚ ਦੀ ਜੋਕ /
_cਗਰਗ, ਕੇ.ਐਲ
246 _aSach di joak
_bby K.L.Garg
260 _aDelhi
_bArsee Publishers
_c2012
270 _bChandni Chonk
_aDelhi
_k23280657
_e110006
300 _a173ਪਂ;
_b22ਸੇਂਮੀ(ਸਜਿਲਦ)
650 _937324
650 _937325
700 _953424
942 _2ddc
_cPN
_h857
_mਗਰਗ
999 _c71602
_d71602